000 00488nam a2200181Ia 4500
005 20250326123723.0
008 250326s9999 xx 000 0 und d
037 _aTextbook
040 _aFMSL
_beng
_cFMSL
041 _aeng
_2eng
084 _aX:9 M5
_qFMSL
100 _aBeer M
245 0 _aReadings in human resource management
_cBeer M; Spector B
260 _aLondon
_bLondon, Free Press
_c1985
300 _a644p
942 _cTB
_hX:9 M5
999 _c1270654
_d1270654